Nádorová onemocnění a výživa /

Hlavní autor: Šachlová, Milana, 1959-
Korporativní autor: Masarykova univerzita. Univerzitní onkologické centrum
Další autoři: Hrbková, Danuše
Jazyk: Čeština
Vydáno: Brno : Masarykův onkologický ústav, 2004
Témata:
Fyzický popis: 34 s. ; 21 cm
Knihy
Uloženo v:
LEADER 01237nam a2200337 a 4500
001 000808042
003 CZ BrMZK
005 20060317100202.0
007 ta
008 060207s2004 xr erf 000 0 cze
020 |q (Brož.) 
040 |a BOA001  |b cze 
072 7 |a 613  |x Hygiena. Lidské zdraví  |2 Konspekt  |9 14 
080 |a 613.2  |2 MRF 
080 |a 616-006.04  |2 MRF 
080 |a (036)  |2 MRF 
100 1 |a Šachlová, Milana,  |d 1959-  |7 mzk2006322883  |4 aut 
245 1 0 |a Nádorová onemocnění a výživa /  |c [autor Milana Šachlová, Danuše Hrbková] 
260 |a Brno :  |b Masarykův onkologický ústav,  |c 2004 
300 |a 34 s. ;  |c 21 cm 
500 |a Pod názvem: Univerzitní onkologické centrum Brno 
500 |a Název z obálky 
650 0 7 |a výživa člověka  |7 ph127487  |2 czenas 
650 0 7 |a maligní nádorová onemocnění  |7 ph170635  |2 czenas 
655 7 |a informační publikace  |7 fd132454  |2 czenas 
700 1 |a Hrbková, Danuše  |7 mzk2006322891  |4 aut 
710 2 |a Masarykova univerzita.  |b Univerzitní onkologické centrum  |7 nlk20020122959 
910 2 |a BOA001  |b 2-1164.101 
990 |a BK 
991 |b 200603  |c NOV 
996 6 |b 2610273155  |c 2-1164.101  |l MZK  |r Sklad / do 1 hodiny  |n 8  |p p.v.  |w 000808042  |u 000010  |a 1  |e BOA001  |j MZK50  |s P